00820cam a22002297a 4500003000500000005001700005008004100022010001000063011001000073035001100083040000900094100004300103245016500146260004100311300002800352502007100380650003700451650003200488650002100520650001800541700003100559CHAP20220329142832.0040611d2003 mx a r 00110 spa d a88484 a89456 a100007 cCHAP00aAriza Hernández, Francisco Julián.10aEstudio geohidrológico de cuantificación del acuífero de Chapingo y zonas aledañasc/por Francisco Julián Ariza Hernández y Vicente Maravilla Flores aChapingo, Méx. :bEl autor,c2003. a92 h. :bilus. ; anexos aTesis (Ing. en Irrigación) -- UACH. Departamento de Irrigación14aAgua subterraneazMexico (Edo.).14aConductividad hidráulica.14aHidrogeología.14aHidrología.00aMaravilla Flores, Vicente.